| 000 | 00808nas a2200265 4500 | ||
|---|---|---|---|
| 001 | BR0805468 | ||
| 003 | BR-BrBNA | ||
| 005 | 20231205111955.0 | ||
| 007 | ta | ||
| 008 | 230509b bl.|||p| |||| 00| 00por d | ||
| 040 |
_aBR-BrBNA _bpor _cBiblioteca Nacional de Agricultura |
||
| 041 | _a(Pt) | ||
| 072 | _aL20 | ||
| 100 | 1 | _aAmaral, A.C.A. do | |
| 100 | 1 | _aHernández, M.I.M. | |
| 100 | 1 | _aXavier, B. de F. | |
| 100 | 1 | _aBella, S.D. | |
| 245 | 1 | _aDinâmica de ninho de arara-azul-de-lear (Anodorhynchus leari Bonaparte, 1856)em Jeremoabo, Bahia | |
| 650 | _aCOMPORTAMENTO ANIMAL | ||
| 650 | _aARARA | ||
| 650 | _aAVE ORNAMENTAL | ||
| 773 | 0 |
_tOrnithologia (Brazil) _xISSN 1808-7221 _g(Jun 2005), v. 1(1) p. 59-64 _wBR0805468 |
|
| 909 |
_a202311 _bLúcia _c55 _dLúcia Elande |
||
| 942 |
_2AGRIS _n0 _cANA |
||
| 999 |
_c195412 _d195412 |
||